000 00696nam a2200241Ia 4500
003 OSt
005 20220924135328.0
006 a|||||r|||| 00| 0
007 ta
008 220923b |||||||| |||| 00| 0 ben d
024 _a290531
037 _cTextual
040 _aARTS
_cARTS
_bben
041 _2ben
_aben
082 _aO124,3N12,1, 157N4
100 _aJorge Amado
_9210090
245 0 _aEk pakhi doela ar ek beral hulo
_b A love story
260 _c1994
650 _aPORTUGUESE LITERATURE
700 _a Bandyopadhyay Manabendra Tr.
_9210091
942 _hO124,3N12,1, 157N4
_cTEXL
_2CC
999 _c440288
_d440288